000 00403nam a2200169Ia 4500
005 20250508152653.0
008 008 250505s9999 xx 000 0 hin d
037 _aTextual
040 _aFEDL
_beng
_cFEDL
041 _ahin
_2eng
084 _aFH, JAI
_qFEDL
100 _aJainendra Kumar
245 0 _aSukhda
300 _a202p
942 _cTEXL
_hFH, JAI
999 _c1337941
_d1337941